LEADER 02635nam a2200361 i 4500 001 000000000659 003 CaOOAMICUS 005 20260506121820.0 008 180830s1985 it u000 u ita u 040 $aSeMil$bita 245 10$aCorso di teologia sistematica /$cdiretto da Carlo Rocchetta. 260 $aBologna :$bEDB,$c1985-1993. 300 $a12 v. ;$c24 cm. 500 $aContinua come: Corso di teologia sistematica. Complementi. - Gli ultimi 2 vol. sono considerati come appartenenti anche all'opera che prosegue come complementi 700 1 $aRocchetta, Carlo,$d<1943- >.$0(OLS)http://semarc/name/519 774 0 $tTeologia tra rivelazione e storia.$dBologna : EDB, 1999.$z88-10-50301-5$g1$w()71008 774 0 $aFisichella, Rino $tRivelazione.$b8. ed. riveduta e ampliata.$dBologna : EDB, 2002.$z88-10-50352-X$g2$w()89277 774 0 $aStaglianò, Antonio $tMistero del Dio vivente.$dBologna : EDB, 1996.$z88-10-50303-1$g3$w()71004 774 0 $aAmato, Angelo $tGesù il Signore.$b5. ed. ampliata$dBologna : EDB, 1999.$z88-10-50354-6$g4$w()69316 774 0 $tSpirito santo.$b2. ed. interamente riveduta.$dBologna : EDB, 2005.$z88-10-50355-4$g5$w()220582 774 0 $aDe Fiores, Stefano $t6: Maria Madre di Gesù.$dBologna : EDB, 1992.$z88-10-50306-6$g6$w()39697 774 0 $aMilitello, Cettina, <1945- >$tChiesa primizia del regno.$dBologna : EDB, 2003.$z88-10-50357-0$g7$w()153744 774 0 $tSacramentaria speciale. 2, Penitenza, unzione degli infermi, ordine, matrimonio.$dBologna : EDB, 2003.$z88-10-50320-1$g8$w()111916 774 0 $aFlorio, Mario <1961- >$tSacramentaria speciale. 1, Battesimo, confermazione, eucarista.$dBologna : EDB, 2004.$z88-10-50322-8$g8$w()136226 774 0 $aRocchetta, Carlo <1943- >$tSacramentaria fondamentale.$dBologna : Dehoniane, 1989.$z8810503082$g8$w()35570 774 0 $aColzani, Gianni <1940- >$tAntropologia teologica.$dBologna : EDB, 1997.$z88-10-50359-7$g9$w()57371 774 0 $aBordoni, Marcello $t10: Gesù nostra speranza.$b2. ed. riveduta e corretta.$dBologna : EDB, 2000.$z88-10-50360-0$g10$w()106623 774 0 $tAngeli e demoni.$dBologna : EDB, 1991.$z88-10-50311-2$g11$w()39087 774 0 $aSeumois, André $tTeologia missionaria.$dBologna : EDB, 1993.$z88-10-50312-0$w()71005 785 00$tCorso di teologia sistematica. Complementi.$dBologna : EDB, 1991.$w()658 996 $6245$aCorso di teologia sistematica$9(OLS)http://semarc/title/952 996 $6260$aBologna :$bEDB$9(OLS)http://semarc/publisher/29669